Pokémon-Les noms des Poches du Sac - Statistiques

Statistiques générales
  • Ce quiz a été pris 14 fois
  • Le résultat moyen est 34 sur 56
Statistiques - réponses
Génération Poche du Sac % Correct
II Objets
100%
III Objets
100%
IV Objets
100%
V Objets
100%
VI Objets
100%
VII Objets
100%
VIII Objets
100%
VIII-LPA Objets
100%
III Objets Rares
100%
IV Objets Rares
100%
VI Objets Rares
100%
VII Objets rares
100%
VIII Objets Rares
100%
VIII-LPA Objets Rares
100%
III-RSE Baies
92%
IV Baies
92%
V Baies
92%
VI Baies
92%
VII Baies
92%
VIII Baies
92%
II CT
92%
VII CT
92%
VIII CT
92%
VII Soins
83%
VIII Soins
83%
III-RSE CT & CS
75%
IV CT & CS
75%
V CT & CS
75%
VI CT & CS
75%
II Balls
67%
III Balls
67%
IV Balls
67%
VIII Poké Balls
67%
IV Médicaments
58%
V Médicaments
58%
IV Objets Combat
50%
I- Sac Sac
42%
IV Lettres
33%
V Fourre-Tout
25%
VII Fourre-Tout
25%
VIII-EB Ingrédients
25%
II Rares
25%
VII Cristaux Z
17%
VIII Objets de Combat
17%
VII-LGELGP Boîte Pokémon
8%
VIII Trésors
8%
VII-LGELGP Boîte CT
0%
VII-LGELGP Bonbonnière
0%
VII-LGELGP Malle à Costumes
0%
VII-USUL Motism'Auras
0%
V Ojjets Rares
0%
VII-LGELGP Poche à Renforts
0%
VII-LGELGP Poche de Capture
0%
VII-LGELGP Poche de Combat
0%
VI PV/PP
0%
VII-LGELGP Trousse de Soins
0%
Aucun quiz correspondant
Distribution des résultats
% des personnes avec chaque résultat
Percentile par nombre de réponses
Votre historique - résultats
Vous n’avez pas pris ce quiz